Google-Jahresrückblick 2025 (Filme) - Statistiken

Allgemein
  • Dieses Quiz wurde 42 mal gespielt
  • Das Durchschnittsergebnis liegt bei 4 aus 10
Antwortstatistiken
Bildquiz Antwort % Korrekt
Ein Minecraft Film
92%
Das Kanu des Manitu
82%
Mission: Impossible
55%
Babo – Die Haftbefehl-Story
39%
Konklave
37%
One Battle After Another
29%
Anora
24%
Conjuring 4
24%
Nosferatu
16%
Final Destination
13%
Keine übereinstimmenden Quizze gefunden
Verteilung der Resultate
Anzahl Personen mit jedem Resultat
Perzentil nach korrekt beantworteten Fragen
Ihre Resultats-Entwicklung
Sie haben dieses Quiz noch nicht gespielt